000 00639 a2200169 4500
020 _a9780415277624
020 _a9780415277624
082 0 4 _a530
090 _c174
_d174
100 1 _aWilliams, W.S.C.
245 1 0 _aIntroducing special relativity /
_cW.S.C. Williams.
260 _a[S.l.] :
_bCRC Press,
_c2002.
300 _a264 p. ;
_c24 cm.
942 _aSNS
_cBK
_k530.11 WIL
999 _c28812
_d28812